Loading...
| History - World | 0 | 5 | 0 | 1 | 50 | 135 | 143.40 | 0 | 0 | 0.00 | 0.00 |
| Science - Physics | 0 | 5 | 1 | 2 | 45 | 73 | 118.00 | 1 | 2 | 0.00 | 0.00 |
| Beliefs | 1 | 3 | 0 | 1 | 45 | 63 | 128.00 | 1 | 1 | 0.00 | 0.00 |
| Science - Other | 1 | 3 | 0 | 0 | 45 | 61 | 104.00 | 1 | 4 | 0.00 | 0.00 |
| History - European | 0 | 4 | 0 | 2 | 40 | 113 | 128.75 | 0 | 1 | 0.00 | 0.00 |
| History - US | 0 | 4 | 1 | 1 | 35 | 108 | 129.75 | 1 | 2 | 0.00 | 0.00 |
| Fine Arts - Visual | 0 | 2 | 0 | 0 | 20 | 91 | 118.50 | 1 | 1 | 0.00 | 0.00 |
| Other Academic | 0 | 2 | 0 | 0 | 20 | 85 | 101.00 | 0 | 0 | 0.00 | 0.00 |
| Science - Biology | 0 | 2 | 1 | 1 | 15 | 140 | 141.50 | 0 | 0 | 0.00 | 0.00 |
| Fine Arts - Other | 0 | 1 | 0 | 1 | 10 | 140 | 140.00 | 0 | 0 | 0.00 | 0.00 |
| Geography | 0 | 2 | 2 | 1 | 10 | 93 | 120.00 | 0 | 1 | 0.00 | 0.00 |
| History - Other | 0 | 1 | 0 | 0 | 10 | 115 | 115.00 | 0 | 1 | 0.00 | 0.00 |
| Science - Earth | 0 | 1 | 0 | 0 | 10 | 117 | 117.00 | 0 | 1 | 0.00 | 0.00 |
| Modern World | 0 | 1 | 1 | 0 | 5 | 71 | 71.00 | 0 | 0 | 0.00 | 0.00 |
| Science - Chemistry | 0 | 1 | 1 | 1 | 5 | 130 | 130.00 | 0 | 0 | 0.00 | 0.00 |
| Science - Astronomy | 0 | 0 | 0 | 0 | 0 | 0.00 | 0 | 0 | 0.00 | 0.00 | |
| Social Science | 0 | 0 | 2 | 0 | -10 | 0.00 | 0 | 0 | 0.00 | 0.00 |